| 000 | 00762nam a2200217Ia 4500 | ||
|---|---|---|---|
| 001 | 8793 | ||
| 003 | GE_BSU | ||
| 008 | 181216s||||||||xx |||||||||||||| ||und|| | ||
| 040 | _cGE_BSU | ||
| 080 | _a821.353.1–31 | ||
| 100 | _aკალანდაძე,ალექსანდრე | ||
| 245 | _aსოლომონ დოდაშვილი | ||
| 245 | _bშარავანდედი.რომანი | ||
| 245 | _cრედ.ნორა ქართველიშვილი.მხატვ:ჯ.ყავლაშვილი | ||
| 260 | _aთბილისი | ||
| 260 | _bნაკადული | ||
| 260 | _c1985 | ||
| 300 | _a511გვ.20სმ | ||
| 653 | _aშარავანდედი.რომანი | ||
| 942 | _cBK | ||
| 999 |
_c42102 _d42102 |
||